New book of herbs

Bibliographic Details
Main Author: McVicar, Jekka
Format: Book
Published: London : DK Pub., , 2004
Subjects:

MARC

LEADER 00000cam a2200000 7i4500
001 0000003654
005 20080129.0
020 0 0 |a 1405305797 
090 0 0 |a 635.7   |b MCV 
100 1 0 |a McVicar, Jekka. 
245 1 0 |a New book of herbs   |c Jekka McVicar. 
246 1 0 |a Herbs 
260 0 0 |a London :   |b DK Pub., ,   |c 2004 
300 |a 288 p. :   |b col. ill. ;   |c 28 cm. 
650 0 0 |a Cookery (Herbs) 
650 0 0 |a Herb gardening. 
650 0 0 |a Herbs   |x Therapeutic use. 
999 |a 0000007222   |b Monograph   |c Open Shelf   |e Default branch